| 000 | 00832cab a2200253 4500 | ||
|---|---|---|---|
| 001 | ABS53977 | ||
| 008 | 090401t1995 xxu||||| |||| 00| 0 eng d | ||
| 035 | _a(Sirsi) u7737 | ||
| 041 | _aeng | ||
| 100 | _aCronin, S. | ||
| 245 | 2 | _aA hard Act to follow | |
| 260 | _c1995 | ||
| 350 | _a0 | ||
| 490 |
_aConstruction News _v(6441) 16 November 1995, 18(1) |
||
| 520 | _aConsiders what improvements, if any, the New Roads and Street Works Act 1991 has achieved, with particular reference to cable television, registration of supervisors and operatives and pavement repair. | ||
| 650 | _aCABLE TELEVISION | ||
| 650 | _aCABLES | ||
| 650 | _aNEW ROADS AND STREET WORKS ACT 1991 | ||
| 650 | _aPAVEMENTS | ||
| 650 | _aWORKER REGISTRATION | ||
| 690 | _aHIGHWAYS RIGHTS OF WAY AND EASEMENTS | ||
| 942 | _n0 | ||
| 948 | _c04/03/1997 | ||
| 999 |
_c4706 _d4706 |
||